[Event "Match UKR vs KGZ 2021"]
[Site "Online"]
[Date "2021.02.14"]
[Round "2.4"]
[White "Vakulenko, Oleksandr"]
[Black "Orozbaev, Eldiar"]
[Result "1-0"]
[WhiteElo "2256"]
[BlackElo "1973"]
[Annotator "TA"]
[PlyCount "135"]
[EventDate "2021.02.14"]
[EventType "team-tourn"]
[EventCountry "NET"]
[SourceTitle "playchess.com"]
[Source "ChessBase"]
[SourceQuality "1"]
[WhiteTeam "Ukraine"]
[BlackTeam "Kyrgyzstan"]
[WhiteTeamCountry "UKR"]
[BlackTeamCountry "KGZ"]

{[%evp 24,135,59,62,75,50,89,89,83,74,95,90,118,106,118,106,224,239,242,217,226,236,222,249,232,226,227,246,231,260,304,284,252,118,117,128,125,121,123,124,153,113,106,112,107,106,122,83,127,127,107,84,84,84,84,101,94,63,73,71,117,117,209,195,287,294,293,288,286,292,290,290,334,285,299,299,411,405,815,816,765,754,789,737,670,486,722,704,592,147,728,708,4727,4943,29972,29972,12784,5060,29977,29979,29981,29982,29982,29983,29983,29984,29987,29983,29983,29984,29987,29984,29983,29985]} 1. d4 Nf6 2. c4 c5 3. d5 b5 4. cxb5 a6 5. bxa6 Bxa6 6. Nc3 d6 7. Nf3 g6 8. g3 Bg7 9. Bg2 O-O 10. O-O Nbd7 11. Rb1 Qa5 12. Bd2 Rfb8 {12...Bb7 is vanishing.} 13. b3 Qb4 {[#] A58: Benko/Volga Gambit: Lines with 5 bxa6.} 14. Re1 $146 ({Predecessor:} 14. Qc2 Qb7 15. Rfd1 Ra7 16. e4 Ng4 17. h3 Nge5 18. Ne1 Nb6 19. a4 e6 20. f4 Ned7 21. Be3 exd5 22. Nxd5 Nxd5 23. Rxd5 {1-0 (35) Cardoso Cardoso,J (2313)-Fonseca Pinto,C (2031) Ibague 2018}) 14... Qb6 15. h3 Ne8 {White is better.} 16. Qc2 Nc7 17. e4 Nb5 18. Nxb5 Qxb5 19. a4 Qd3 (19... Qb6 $16) 20. Qd1 $18 Ne5 21. Nxe5 Bxe5 22. Re3 $1 {[%cal Re3d3]} Qd4 {[#]} 23. Qc2 c4 {[#]} 24. b4 {[%cal Bb3b4,Bb4b5][%mdl 32]} Qa7 25. b5 Bd4 26. Rf3 (26. bxa6 Rxb1+ 27. Qxb1 Bxe3) 26... Bc8 27. a5 (27. Qxc4 Qxa4 28. Qxa4 Rxa4 $16) 27... Qc5 28. Bf1 (28. b6 $18 {has better winning chances.}) 28... Rxb5 $16 29. Rxb5 Qxb5 30. Bxc4 Qc5 31. Kg2 f5 {intending ...fxe4.} 32. Bd3 {[%cal Re4f5]} (32. exf5 Bxf5 33. Rxf5 gxf5 $11) 32... fxe4 33. Bxe4 Qxc2 34. Bxc2 Bb7 35. Bb3 Bc5 36. Bc4 e6 37. Rd3 (37. a6 {feels hotter.} Bxd5 38. Bxd5 exd5 39. Bh6 Re8 40. Kf1) 37... exd5 38. Bxd5+ Bxd5+ 39. Rxd5 {[%mdl 4096] Endgame KRB-KRB} Kf7 40. f4 Ke6 41. Rd3 d5 42. Kf3 d4 (42... Kd6 $16 43. g4 Kc6) 43. Ke4 $18 Kd6 (43... Rb8 {was worth a try.} 44. Rf3 Rb2) 44. Rb3 Re8+ 45. Kd3 Kc6 46. g4 Rf8 47. Rb1 Kd5 48. Re1 Rb8 49. Re5+ Kd6 50. Kc4 Rb2 (50... Ba3 $142 51. Re2 (51. Kxd4 Bb2+ 52. Bc3 Rb4+ 53. Kd3 Bxc3 $14) 51... Kd7) 51. Rd5+ Ke6 52. f5+ ({Less strong is} 52. Kxc5 Rc2+ 53. Bc3 dxc3 $18) 52... gxf5 53. gxf5+ (53. Kxc5 Rc2+ 54. Bc3 dxc3 $11) 53... Kf6 54. Bf4 Rc2+ (54... Be7 $142 55. Be5+ {[%mdl 64] Double Attack} Kf7 56. Bxd4 Rb4+ 57. Kc3 Ra4) 55. Kb5 Ba7 56. Ka6 $2 (56. h4 $18 {and White stays clearly on top. Bg5+ is the strong threat.} h6 57. Bxh6) 56... Bc5 $2 {[%mdl 8192] Black cannot hold the game after this.} (56... Rc5 $16 57. Rd8 (57. Rxd4 Rxa5+ 58. Kxa5 Bxd4 $11) 57... Kxf5) 57. Be5+ Kxf5 58. Bxd4+ {[%mdl 64] Discovered Attack} Ke4 59. Rxc5 {KRB-KR} Rh2 60. Be5 Rxh3 61. Bc7 {White mates.} h5 62. Kb7 h4 63. a6 Rb3+ 64. Bb6 h3 65. Rh5 Kf4 66. a7 Kg4 {[#]} 67. Rxh3 $3 {[%mdl 576] Promotion} Rxh3 68. a8=Q {Weighted Error Value: White=0.31/Black=0.60} 1-0

[Event "Match UKR vs KGZ 2021"]
[Site "Online"]
[Date "2021.02.14"]
[Round "2.5"]
[White "Zhakshylykov, Erzhan"]
[Black "Sidletskyi, Ivan"]
[Result "1-0"]
[WhiteElo "1940"]
[BlackElo "2109"]
[Annotator "TA"]
[PlyCount "69"]
[EventDate "2021.02.14"]
[EventType "team-tourn"]
[EventCountry "NET"]
[SourceTitle "playchess.com"]
[Source "ChessBase"]
[SourceQuality "1"]
[WhiteTeam "Kyrgyzstan"]
[BlackTeam "Ukraine"]
[WhiteTeamCountry "KGZ"]
[BlackTeamCountry "UKR"]

{[%evp 23,69,18,43,43,43,19,26,17,54,15,76,60,97,68,75,67,54,18,20,-14,0,-164,0,0,0,0,41,36,33,36,38,32,183,216,296,292,300,293,291,278,338,347,348,323,500,491,586,537]} 1. d4 Nf6 2. c4 g6 3. Nf3 Bg7 4. g3 O-O 5. Bg2 d6 6. O-O Nc6 7. Nc3 Bf5 8. d5 Na5 9. Nd4 Bd7 10. b3 c5 11. dxc6 Nxc6 12. Nc2 Qc8 13. e4 {A38: Symmetrical English vs ...g6: 4 Bg2 Bg7 5 Nf3 Nf6.} Bh3 14. f3 Bxg2 15. Kxg2 {White has an edge.} h5 {[#]} 16. h4 $146 ({Predecessor:} 16. Bb2 h4 17. Qe2 Nh5 18. Rab1 f5 19. exf5 Qxf5 20. f4 hxg3 21. hxg3 e5 22. Ne3 Qd7 23. f5 Nd4 24. Qg4 Nxf5 25. Nxf5 Rxf5 26. Qxg6 Raf8 27. Rxf5 Rxf5 28. Nd5 Nf6 29. Qxf5 {0-1 (27) Paci,C (2254)-Le Gallo,F (1959) Sautron 2004}) 16... a5 (16... a6 $11) 17. Be3 Ne5 18. Na4 Nfd7 19. Bd4 Qc6 20. Ne3 e6 21. Qd2 f5 $1 {[%cal Rf5e4]} 22. Bxe5 $2 {[#]} (22. exf5 $1 $11 {and White stays safe.} gxf5 23. Nc2) 22... Bxe5 $2 ({Better is} 22... Nxe5 $19 23. Nc3 fxe4 24. fxe4 a4) 23. Rad1 $11 f4 ({But not} 23... fxe4 $6 24. f4 $16) 24. Nc2 b5 ({Reject} 24... fxg3 25. Nd4 $14) (24... Nc5 {with more complications.} 25. Nxc5 dxc5 26. Ne1 Qc7 27. Nd3 Rad8) 25. cxb5 Qxb5 26. Nd4 Bxd4 27. Qxd4 fxg3 $2 {Black cannot hold the game after this.} ({Black should try} 27... Ra6 $1 $14) 28. Qxd6 $18 ({Worse is} 28. Kxg3 Ra6 $11) 28... Qe2+ 29. Kxg3 Rf7 30. Qxe6 Nf8 31. Qc4 Qxa2 {[#]} 32. Nc3 $1 {[%cal Rc3a2,Ba4c3,Bc3b5,Bb5d6][%mdl 32]} Qa3 33. Nb5 Qb2 (33... Qb4 {is a better defense.} 34. Qd5 Ra6) 34. Nd6 {[%mdl 64] Pin} Qe5+ 35. f4 {Weighted Error Value: White=0.21/Black=0.42} 1-0

[Event "Match UKR vs KGZ 2021"]
[Site "Online"]
[Date "2021.02.14"]
[Round "2.6"]
[White "Tulchynskyi, Feliks"]
[Black "Sharshenbekov, Emir"]
[Result "0-1"]
[WhiteElo "1851"]
[BlackElo "1238"]
[Annotator "NA RC"]
[PlyCount "96"]
[EventDate "2021.02.14"]
[EventType "team-tourn"]
[EventCountry "NET"]
[SourceTitle "playchess.com"]
[Source "ChessBase"]
[SourceQuality "1"]
[WhiteTeam "Ukraine"]
[BlackTeam "Kyrgyzstan"]
[WhiteTeamCountry "UKR"]
[BlackTeamCountry "KGZ"]
[TimeControl "900+10"]

1. Nf3 {[%emt 0:00:04]} d5 {[%emt 0:00:05]} 2. g3 {[%emt 0:00:07]} Nf6 {[%emt 0:00:06]} 3. Bg2 {[%emt 0:00:03]} e6 {[%emt 0:00:03]} 4. O-O {[%emt 0:00:05]} Bd6 {[%emt 0:00:06]} 5. d4 {[%emt 0:00:05]} O-O {[%emt 0:00:10]} 6. c4 {[%emt 0:00:16]} Nc6 {[%emt 0:00:02]} 7. Nbd2 {[%emt 0:00:47]} b6 {[%emt 0:00:11]} 8. b3 {[%emt 0:00:56]} Bb7 {[%emt 0:00:08]} 9. Bb2 {[%emt 0:00:30]} Ne4 $11 {[%emt 0:01:16]} 10. Ne5 {[%emt 0:01:37]} Bxe5 {[%emt 0:03:44]} 11. dxe5 {[%emt 0:06:49]} Nxd2 {[%emt 0:01:14]} 12. Qxd2 {[%emt 0:00:03]} dxc4 {[%emt 0:00:03]} 13. Qc3 {[%emt 0:00:03]} Na5 {[%emt 0:02:31]} 14. Bxb7 {[%emt 0:01:15]} Nxb7 {[%emt 0:00:03]} 15. Qxc4 {[%emt 0:00:01]} c5 {[%emt 0:00:28]} 16. Rfd1 {[%emt 0:00:20]} Qc7 {[%emt 0:00:34]} 17. Bc3 {[%emt 0:00:31]} Rfd8 {[%emt 0:00:29]} 18. e3 {[%emt 0:00:34]} Qc6 {[%emt 0:00:13]} 19. Qe2 {[%emt 0:00:42]} Rxd1+ {[%emt 0:01:34]} 20. Rxd1 {[%emt 0:00:03]} Rd8 {[%emt 0:00:02]} 21. f3 {[%emt 0:01:02]} Rxd1+ {[%emt 0:00:13]} 22. Qxd1 {[%emt 0:00:02]} Qd5 {[%emt 0:00:01]} 23. Qe2 {[%emt 0:00:23]} Nd8 {[%emt 0:00:07]} 24. e4 {[%emt 0:00:02]} Qd7 {[%emt 0:00:04]} 25. Qd2 {[%emt 0:00:02]} Qxd2 {[%emt 0:00:11]} 26. Bxd2 {[%emt 0:00:02]} Nc6 {[%emt 0:00:01]} 27. Bc3 {[%emt 0:00:02]} Kf8 {[%emt 0:00:38]} 28. Kf2 {[%emt 0:00:02]} Ke7 {[%emt 0:00:03]} 29. Ke3 {[%emt 0:00:02]} b5 {[%emt 0:00:11]} 30. a4 {[%emt 0:01:30]} b4 {[%emt 0:00:15]} 31. Be1 {[%emt 0:00:19]} Nxe5 {[%emt 0:00:26]} 32. f4 {[%emt 0:00:30]} Nc6 {[%emt 0:00:07]} 33. Kd3 {[%emt 0:00:06]} Na5 {[%emt 0:00:03]} 34. e5 {[%emt 0:00:06]} Kd7 {[%emt 0:00:04]} 35. Kc2 {[%emt 0:00:11]} Kc6 {[%emt 0:00:02]} 36. Bf2 {[%emt 0:00:04]} Kd5 {[%emt 0:00:02]} 37. Bg1 {[%emt 0:00:04]} a6 {[%emt 0:00:27]} 38. Bf2 {[%emt 0:00:06]} c4 {[%emt 0:00:24]} 39. Be1 {[%emt 0:00:14]} cxb3+ {[%emt 0:00:07]} 40. Kd3 {[%emt 0:00:11]} Nc6 {[%emt 0:00:47]} 41. Bf2 {[%emt 0:00:17]} b2 {[%emt 0:00:40]} 42. Kc2 {[%emt 0:00:03]} Kc4 {[%emt 0:00:08]} 43. Kxb2 {[%emt 0:00:03]} b3 {[%emt 0:00:02]} 44. Be1 {[%emt 0:00:11]} Nb4 {[%emt 0:00:17]} 45. Bd2 {[%emt 0:00:09]} Nd3+ {[%emt 0:00:22]} 46. Ka3 {[%emt 0:00:03]} Nc5 {[%emt 0:00:16]} 47. a5 {[%emt 0:00:16]} Kd3 {[%emt 0:00:18]} 48. Bb4 {[%emt 0:00:09]} Kc2 {[%emt 0:00:05]} 0-1

[Event "Match UKR vs KGZ 2021"]
[Site "Online"]
[Date "2021.02.14"]
[Round "2.7"]
[White "Momunaliev, Ruslan"]
[Black "Niezhentsev, Kyrylo"]
[Result "1-0"]
[WhiteElo "1324"]
[BlackElo "1628"]
[Annotator "NA RC"]
[PlyCount "95"]
[EventDate "2021.02.14"]
[EventType "team-tourn"]
[EventCountry "NET"]
[SourceTitle "playchess.com"]
[Source "ChessBase"]
[SourceQuality "1"]
[WhiteTeam "Kyrgyzstan"]
[BlackTeam "Ukraine"]
[WhiteTeamCountry "KGZ"]
[BlackTeamCountry "UKR"]
[TimeControl "900+10"]

1. e4 {[%emt 0:00:00]} c5 {[%emt 0:00:03]} 2. Nc3 {[%emt 0:00:05]} e6 {[%emt 0:00:04]} 3. d3 {[%emt 0:00:04]} Nc6 {[%emt 0:00:26]} 4. Nge2 {[%emt 0:00:12]} g6 {[%emt 0:00:05]} 5. g3 {[%emt 0:00:02]} Bg7 {[%emt 0:00:09]} 6. Bg2 {[%emt 0:00:08]} Nge7 {[%emt 0:00:04]} 7. O-O {[%emt 0:00:08]} O-O {[%emt 0:00:08]} 8. f4 {[%emt 0:00:04]} d6 {[%emt 0:00:05]} 9. Be3 {[%emt 0:00:12]} b6 {[%emt 0:00:14]} 10. g4 {[%emt 0:00:25]} f5 {[%emt 0:00:20]} 11. exf5 {[%emt 0:00:08]} exf5 {[%emt 0:00:08]} 12. gxf5 {[%emt 0:00:06]} Bxf5 {[%emt 0:00:21]} 13. Bf2 {[%emt 0:00:25]} d5 {[%emt 0:01:38]} 14. Re1 {[%emt 0:01:23]} Bg4 {[%emt 0:00:45]} 15. Qd2 {[%emt 0:00:19]} Qd7 {[%emt 0:00:56]} 16. d4 {[%emt 0:00:42]} c4 {[%emt 0:01:00]} 17. b3 {[%emt 0:00:45]} cxb3 {[%emt 0:00:16]} 18. axb3 {[%emt 0:00:05]} Be6 {[%emt 0:01:02]} 19. Ng3 {[%emt 0:00:22]} Rf7 {[%emt 0:01:16]} 20. Nce2 {[%emt 0:00:34]} Raf8 {[%emt 0:00:16]} 21. Rad1 {[%emt 0:00:34]} g5 {[%emt 0:01:17]} 22. f5 {[%emt 0:03:21]} Bxf5 {[%emt 0:01:48]} 23. Nxf5 {[%emt 0:00:08]} Qxf5 {[%emt 0:00:06]} 24. Be3 {[%emt 0:00:12]} g4 {[%emt 0:00:25]} 25. Ng3 {[%emt 0:00:07]} Qg6 {[%emt 0:00:07]} 26. c4 {[%emt 0:00:32]} Na5 {[%emt 0:01:37]} 27. cxd5 {[%emt 0:01:00]} Qd6 {[%emt 0:01:45]} 28. Ne4 {[%emt 0:00:26]} Qd7 {[%emt 0:00:40]} 29. d6 {[%emt 0:00:49]} Nf5 {[%emt 0:00:34]} 30. Ng5 {[%emt 0:01:09]} Rf6 {[%emt 0:00:04]} 31. Bf4 {[%emt 0:00:22]} Nxd6 {[%emt 0:00:28]} 32. Be5 {[%emt 0:00:10]} Rf2 {[%emt 0:01:08]} 33. Bd5+ {[%emt 0:00:08]} Kh8 {[%emt 0:00:02]} 34. Bxg7+ {[%emt 0:00:10]} Qxg7 {[%emt 0:00:10]} 35. Qe3 {[%emt 0:00:21]} Qf6 {[%emt 0:00:59]} 36. Ne6 {[%emt 0:00:30]} Rf7 {[%emt 0:00:04]} 37. Qe5 {[%emt 0:00:29]} Qxe5 {[%emt 0:00:19]} 38. dxe5 {[%emt 0:00:14]} Nb5 {[%emt 0:00:09]} 39. Ng5 {[%emt 0:00:39]} Rf8 {[%emt 0:00:11]} 40. e6 {[%emt 0:00:06]} R2f5 {[%emt 0:00:12]} 41. e7 {[%emt 0:00:04]} Re8 {[%emt 0:00:04]} 42. Bf7 {[%emt 0:00:13]} Rxf7 {[%emt 0:00:15]} 43. Nxf7+ {[%emt 0:00:02]} Kg7 {[%emt 0:00:02]} 44. Ng5 {[%emt 0:00:08]} Nxb3 {[%emt 0:00:12]} 45. Rd8 {[%emt 0:00:08]} Nc7 {[%emt 0:00:07]} 46. Ne6+ {[%emt 0:00:09]} Nxe6 {[%emt 0:00:23]} 47. Rxe8 {[%emt 0:00:04]} Nc7 {[%emt 0:00:02]} 48. Rc8 {[%emt 0:00:03]} 1-0

[Event "Match UKR vs KGZ 2021"]
[Site "Online"]
[Date "2021.02.14"]
[Round "2.8"]
[White "Berdnyk, Mariia"]
[Black "Omurbekova, Diana"]
[Result "1-0"]
[WhiteElo "2289"]
[BlackElo "1814"]
[Annotator "TA"]
[PlyCount "51"]
[EventDate "2021.02.14"]
[EventType "team-tourn"]
[EventCountry "NET"]
[SourceTitle "playchess.com"]
[Source "ChessBase"]
[SourceQuality "1"]
[WhiteTeam "Ukraine"]
[BlackTeam "Kyrgyzstan"]
[WhiteTeamCountry "UKR"]
[BlackTeamCountry "KGZ"]

{[%evp 21,50,8,16,-4,38,0,23,16,5,15,40,0,0,0,30,22,85,87,155,154,399,390,312,227,466,472,447,297,29991,29992,29999]} 1. d4 Nf6 2. c4 c5 3. d5 e6 4. Nc3 exd5 5. cxd5 d6 6. g3 g6 7. Bg2 Bg7 8. Nf3 O-O 9. O-O Re8 10. Bf4 $1 {[%mdl 4] 10.Bf4 is the recent fashion.} Ne4 11. Nxe4 Rxe4 12. Nd2 {A62: Modern Benoni: Fianchetto Variation without early ...Nbd7.} Rb4 (12... Rxf4 $5 13. gxf4 Bxb2 $14) 13. a3 Rxf4 14. gxf4 {White has an edge.} Bxb2 15. Rb1 Bg7 16. e4 Nd7 {[#]} 17. Nc4 $146 ({Predecessor:} 17. Nf3 Bh6 18. Ng5 Nf6 19. e5 dxe5 20. Nxf7 Kxf7 21. fxe5 Nh5 22. d6 Nf4 23. d7 Qxd7 24. Rxb7 {½-½ (62) Kreizberg,M (2297)-Haimovich,T (2408) Israel 2019}) 17... Qf6 18. Qf3 Bh6 {[#]} (18... b5 $11 19. e5 (19. Rxb5 Bh6 $11) 19... Nxe5 20. Nxe5 (20. fxe5 Qxf3 21. Bxf3 bxc4 $15) 20... dxe5) 19. e5 $1 $16 {[%cal Re5f6]} dxe5 (19... Qxf4 $142 20. e6 (20. Nxd6 Qxf3 21. Bxf3 Nxe5 $11) 20... Nf6) 20. fxe5 Qh4 {[#] This move loses the game for Black.} (20... Qxf3 $16 {was necessary.} 21. Bxf3 b6) 21. e6 $1 Nf6 22. exf7+ Kf8 $2 {[#]} (22... Kxf7 {is a better defense.} 23. Nd6+ Kg8) 23. Rfe1 $1 {Strongly threatening Nd6.} Bf5 24. Nd6 Bxb1 $2 (24... Bf4 $18) 25. Re8+ $1 {[%mdl 64] Double Attack} ({Stronger than} 25. Rxb1 Bf4 $17) 25... Kg7 26. f8=Q# {Weighted Error Value: White=0.26/Black=0.83} 1-0

[Event "Match UKR vs KGZ 2021"]
[Site "Online"]
[Date "2021.02.14"]
[Round "2.9"]
[White "Zairbek kyzy, Begimai"]
[Black "Hryshchenko, Kamila"]
[Result "1-0"]
[WhiteElo "1910"]
[BlackElo "2028"]
[Annotator "TA"]
[PlyCount "88"]
[EventDate "2021.02.14"]
[EventType "team-tourn"]
[EventCountry "NET"]
[SourceTitle "playchess.com"]
[Source "ChessBase"]
[SourceQuality "1"]
[WhiteTeam "Kyrgyzstan"]
[BlackTeam "Ukraine"]
[WhiteTeamCountry "KGZ"]
[BlackTeamCountry "UKR"]

{[%evp 9,88,25,49,24,36,15,11,19,20,-52,22,-10,0,-29,7,-24,-11,-82,-81,-91,-22,-47,0,0,54,47,52,26,27,39,58,50,60,62,58,-9,-13,-103,-97,-84,-27,-34,0,-68,93,68,171,166,159,164,266,270,558,515,493,206,300,225,356,328,397,368,375,393,727,701,1541,1496,29992,29992,29992,29993,29993,29994,29994,29995,29995,2665,2303,2222,1761]} 1. e4 g6 2. d4 Bg7 3. c3 d6 4. Be3 Nf6 5. Bd3 Ng4 6. Bd2 {[#] B06: Modern Defence.} e5 $146 ({Predecessor:} 6... O-O 7. h3 Nf6 8. Na3 c5 9. Ne2 Nc6 10. Be3 cxd4 11. Nxd4 Nd7 {½-½ (11) Motlova,T-Dolezalova,V Czechia 1993}) 7. f3 Nf6 8. Ne2 {The position is equal.} O-O 9. Na3 ({White should play} 9. Bg5 $11) 9... c6 ({Better is} 9... d5 $1 $15) 10. Nc2 Nbd7 11. Be3 Qe7 12. Qd2 d5 13. Bg5 (13. exd5 $11 {remains equal.} Nxd5 14. Bg5) 13... dxe4 $1 $17 14. fxe4 {[#]} Qd6 (14... h6 $1 $17 {[%cal Rh6g5]} 15. Bxf6 (15. Bxh6 $2 Nxe4 16. Qe3 Qh4+ 17. g3 Qxh6 $17) 15... Nxf6) 15. O-O-O Re8 16. Ng3 $1 c5 (16... Qf8 $11) 17. d5 $14 a6 18. h4 h5 19. Bh6 Qf8 20. Bxg7 Qxg7 21. Ne3 $36 {[%mdl 2048] Black is under pressure.} b5 22. Rdf1 (22. c4 $1 $14) 22... c4 $11 23. Be2 (23. Bc2 $11) 23... Nc5 $17 24. Bf3 Nd3+ (24... a5 $17) 25. Kb1 $11 a5 26. Rhg1 (26. Bd1 $1 $11) 26... Ba6 $2 {[#]} (26... Nc5 $1 $15 {stays ahead.}) 27. Nxh5 $1 $16 {White leaves nothing to chance now.} Nxh5 (27... gxh5 $14 28. g4 Qh7) 28. Bxh5 $18 b4 29. Be2 bxc3 (29... Nc5 $142) 30. Qxc3 {[%mdl 64] Double Attack} Rec8 $2 (30... Nf4) 31. h5 Rab8 32. Nd1 (32. hxg6 $142 fxg6 33. Bg4) 32... Nc5 (32... Qh6 $142 33. hxg6 Qxg6) 33. Qf3 ({Stronger than} 33. Qxa5 c3 $11) 33... Na4 (33... Rb6 $142 34. Qe3 a4 35. hxg6 Rxg6) 34. Rf2 Rb6 35. hxg6 fxg6 36. Qa3 Qd7 (36... Nc5 37. Bg4 (37. Qxa5 Qc7 $11) 37... Nxe4) 37. Rgf1 {Threatens to win with Rf8+.} Rb4 38. Qg3 {[%mdl 64] Double Attack} Kg7 39. Bg4 Qe7 40. Rf7+ {[%mdl 64] Deflection} Qxf7 41. Qxe5+ Kf8 42. Rxf7+ Kxf7 43. Bxc8 (43. Be6+ $142 Ke8 44. d6 Rxb2+ {[%mdl 64] Remove Defender} 45. Nxb2 Nc3+ 46. Qxc3 g5 47. Qh8#) 43... Bxc8 44. Qc7+ {[%mdl 64] Double Attack} Kf6 {Weighted Error Value: White=0.30/Black=0.59} 1-0

[Event "Match UKR vs KGZ 2021"]
[Site "Online"]
[Date "2021.02.14"]
[Round "2.10"]
[White "Alekseenko, Yuliya"]
[Black "Berdibaeva, Edisa"]
[Result "1-0"]
[WhiteElo "1760"]
[BlackElo "1272"]
[Annotator "NA RC"]
[PlyCount "65"]
[EventDate "2021.02.14"]
[EventType "team-tourn"]
[EventCountry "NET"]
[SourceTitle "playchess.com"]
[Source "ChessBase"]
[SourceQuality "1"]
[WhiteTeam "Ukraine"]
[BlackTeam "Kyrgyzstan"]
[WhiteTeamCountry "UKR"]
[BlackTeamCountry "KGZ"]
[TimeControl "900+10"]

1. d4 {[%emt 0:00:00]} Nf6 {[%emt 0:00:05]} 2. c4 {[%emt 0:00:02]} g6 {[%emt 0:00:04]} 3. Nc3 {[%emt 0:00:03]} d5 {[%emt 0:00:03]} 4. cxd5 {[%emt 0:00:03]} Nxd5 {[%emt 0:00:02]} 5. e4 {[%emt 0:00:01]} Nxc3 {[%emt 0:00:03]} 6. bxc3 {[%emt 0:00:01]} Bg7 {[%emt 0:00:02]} 7. Nf3 {[%emt 0:00:03]} c5 {[%emt 0:00:05]} 8. Rb1 {[%emt 0:00:03]} O-O {[%emt 0:00:11]} 9. Be2 {[%emt 0:00:05]} Bg4 {[%emt 0:00:15]} 10. Be3 {[%emt 0:03:54]} b6 {[%emt 0:02:50]} 11. O-O {[%emt 0:00:11]} cxd4 {[%emt 0:00:56]} 12. cxd4 {[%emt 0:00:05]} Nc6 {[%emt 0:00:46]} 13. d5 {[%emt 0:00:30]} Bxf3 {[%emt 0:00:38]} 14. Bxf3 {[%emt 0:00:46]} Ne5 {[%emt 0:00:11]} 15. Be2 {[%emt 0:00:19]} Rc8 {[%emt 0:03:31]} 16. Qa4 {[%emt 0:02:00]} Qc7 {[%emt 0:03:06]} 17. Rfc1 {[%emt 0:00:42]} Qb8 {[%emt 0:00:07]} 18. f4 {[%emt 0:00:14]} Bh6 {[%emt 0:01:35]} 19. Rxc8 {[%emt 0:06:38]} Rxc8 {[%emt 0:00:10]} 20. Rb3 {[%emt 0:01:31]} Nf3+ {[%emt 0:03:02]} 21. Bxf3 {[%emt 0:00:50]} Bxf4 {[%emt 0:00:12]} 22. Bxf4 {[%emt 0:00:05]} Qxf4 {[%emt 0:00:04]} 23. Rb1 {[%emt 0:00:04]} Qe3+ {[%emt 0:00:16]} 24. Kh1 {[%emt 0:00:11]} b5 {[%emt 0:00:20]} 25. Qd1 {[%emt 0:00:11]} a6 {[%emt 0:00:07]} 26. Qe1 {[%emt 0:00:15]} Qc5 {[%emt 0:00:08]} 27. h3 {[%emt 0:00:24]} Qc7 {[%emt 0:00:11]} 28. e5 {[%emt 0:00:08]} Qd7 {[%emt 0:00:17]} 29. d6 {[%emt 0:00:20]} exd6 {[%emt 0:00:05]} 30. Bg4 {[%emt 0:00:01]} Qd8 {[%emt 0:00:19]} 31. Bxc8 {[%emt 0:00:03]} Qxc8 {[%emt 0:00:01]} 32. exd6 {[%emt 0:00:01]} Qd7 {[%emt 0:00:04]} 33. Qe7 {[%emt 0:00:03]} 1-0

[Event "Match UKR vs KGZ 2021"]
[Site "Online"]
[Date "2021.02.14"]
[Round "2.11"]
[White "Sovetbekova, Nurai"]
[Black "Yeshchenko, Uliana"]
[Result "1/2-1/2"]
[WhiteElo "1608"]
[BlackElo "1905"]
[Annotator "TA"]
[PlyCount "74"]
[EventDate "2021.02.14"]
[EventType "team-tourn"]
[EventCountry "NET"]
[SourceTitle "playchess.com"]
[Source "ChessBase"]
[SourceQuality "1"]
[WhiteTeam "Kyrgyzstan"]
[BlackTeam "Ukraine"]
[WhiteTeamCountry "KGZ"]
[BlackTeamCountry "UKR"]

{[%evp 22,74,12,7,37,0,64,58,61,20,64,41,124,75,50,66,47,21,23,25,25,23,26,22,24,26,35,41,66,40,118,125,143,141,126,0,0,0,0,0,25,0,0,0,0,0,0,0,0,0,0,0,0,0,0]} 1. d4 d5 2. c4 e6 3. Nf3 Nf6 4. g3 Be7 5. Bg2 O-O 6. O-O b6 7. cxd5 exd5 8. Nc3 Bb7 9. Qc2 Nbd7 10. Rd1 Re8 11. Bf4 c6 12. Rac1 Nf8 {E18: Queen's Indian: Old Main Line (4 g3 Bb7 5 Bg2 Be7 6 0-0 0-0 7 Nc3).} 13. Ne5 Bd6 (13... Ne6 $11) 14. e4 $14 {[#]} Rc8 $146 {White is slightly better.} ({Predecessor:} 14... Ne6 15. exd5 cxd5 16. Be3 Nxd4 17. Bxd4 Bxe5 18. Qf5 Bc8 19. Qd3 Bg4 20. Rd2 Rc8 21. Bxe5 Rxe5 22. f3 Bf5 23. Qd4 Qe7 24. Kf1 Re8 25. Rcd1 h6 26. f4 Re1+ {0-1 (26) Pettinger,J (2191)-Rendboe,J (2288) Plovdiv 2010}) 15. Qb3 {[%cal Re4d5]} Bc7 16. exd5 Nxd5 (16... cxd5 $14 17. Be3 Ne6) 17. Nxd5 cxd5 18. Nd3 Ne6 19. Bxc7 (19. Be3 {seems wilder.} Qd6 20. Qb5 Bb8 21. Nb4 Nc7 22. Qa4) 19... Rxc7 20. Rxc7 Qxc7 21. Nb4 Rd8 22. Qd3 a5 23. Nc2 Qc8 24. Ne3 Ng5 25. Qb3 Qe6 ({Black should play} 25... Rd6 $14) 26. h4 $16 Ne4 27. Bxe4 dxe4 28. Qxe6 (28. d5 $16 Qd6 29. Qc4) 28... fxe6 {[%mdl 4096] Endgame KRB-KRN} 29. Kf1 Rc8 30. Ke1 Kf7 31. b3 Ke7 {The position is equal.} 32. Nc4 Ba6 33. Nxb6 Rc2 34. Rd2 Rc1+ 35. Rd1 Rc2 36. Rd2 Rc1+ 37. Rd1 Rc2 {Weighted Error Value: White=0.14/Black=0.20} 1/2-1/2